Information and libraries in the developing world 2 : (Record no. 24446)

000 -LEADER
fixed length control field 00688nam a2200229Ia 4500
001 - CONTROL NUMBER
control field 0000-6445
003 - CONTROL NUMBER IDENTIFIER
control field ELIB.Books
005 - DATE AND TIME OF LATEST TRANSACTION
control field 20230516141554.0
008 - FIXED-LENGTH DATA ELEMENTS--GENERAL INFORMATION
fixed length control field 180526 2010 eng
040 ## - CATALOGING SOURCE
Transcribing agency SSBUL
082 ## - DEWEY DECIMAL CLASSIFICATION NUMBER
Classification number 020
245 00 - TITLE STATEMENT
Title Information and libraries in the developing world 2 :
Remainder of title South-East Asia and China /
Statement of responsibility, etc. compiled and edited by Anthony Olden and Michael Wise.
260 ## - PUBLICATION, DISTRIBUTION, ETC.
Place of publication, distribution, etc. London :
Name of publisher, distributor, etc. Library Association Publishing,
Date of publication, distribution, etc. 1993
300 ## - PHYSICAL DESCRIPTION
Extent xix,249p
Other physical details maps
Dimensions 23cm
500 ## - GENERAL NOTE
General note Includes index
650 ## - SUBJECT ADDED ENTRY--TOPICAL TERM
Topical term or geographic name entry element Library and Information Science
Topical term or geographic name entry element Libraries
700 10 - ADDED ENTRY--PERSONAL NAME
Personal name Olden, Anthony
Personal name Wise, Michael
942 ## - ADDED ENTRY ELEMENTS (KOHA)
Koha item type Book (Short term)
650 ## - SUBJECT ADDED ENTRY--TOPICAL TERM
9 (RLIN) 18120
700 10 - ADDED ENTRY--PERSONAL NAME
9 (RLIN) 23900
9 (RLIN) 23901
Call number suffix In
Source of classification or shelving scheme
Holdings
Withdrawn status Lost status Source of classification or shelving scheme Damaged status Not for loan Collection Code Permanent Location Current Location Shelving location Date acquired Total Checkouts Total Renewals Full call number Barcode Date last seen Date last checked out Price effective from Koha item type Accession
          English Collection Shan State Buddhist University Library Shan State Buddhist University Library English Shelves 16/05/2023 2 1 020 In 8537 EB00008537 08/07/2024 01/07/2024 16/05/2023 Book (Short term) 8537

Library - 09407999929
Admin Office - 09407999979
Dean Office - 09250910768
Registrar Office - 09892297154
Email - [email protected]
Shan State Buddhist University, Phaya Phyu Taunggyi, Shan State, Myanmar.